000
00340nam a22001457a 4500
008
210521b ||||| |||| 00| 0 eng d
020
_a
9781337052702
041
_a
eng
080
_a
330.722.6
082
_a
330.722.6
100
_a
61
101
_a
KF
245
_a
Accounting Information Systems
_c
Wayne State College
942
_2
udc
_c
BK
999
_c
57580
_d
57580